MDQL
is popping MORE tags! Check the
thread
!
Quizzes
Events
Quiz Creation
Community
Videos
Private Events
Remove Ads
Sign In
Join for FREE
Feedback
Dark Mode
Quiz Categories
Sports
Geography
Music
Movies
Television
Just For Fun
Miscellaneous
History
Literature
Language
Science
Gaming
Entertainment
Religion
Holiday
For Kids
Quiz Lab
Recent
Popular Today
Quiz Kudos Today
Editor Picks
Curator Picks
Quizzes by...
Day
Popularity
Type
Ratings
Length
Year
Community
Subscriptions
Recent Discussions
Orange Saloon
Badges
Playlists
Quests
Create
Leaderboards
Showdown
Live 5
Trivia Bingo
Activity
Puzzle Library
Sporcle Events
Private Events
Virtual Trivia
Globe League
Become a Host
Pub Owners
SporcleCon
Opinionation
Our Games
Videos
Blog
Mobile Apps
Partnerships
Remove Ads and Go Orange
Feedback
History
US Presidents
World Leaders
Politics
Nation
Discovery
War
Decade
Year
Century
Biography
Art
History
US Presidents
World Leaders
Politics
Nation
Discovery
War
Decade
Year
Century
Biography
Art
Random Quiz
Search Sporcle
×
Quiz Lab
Quiz Lab
History
rise
Type in answers that appear in a list
Type in answers that appear in a list
Classic
Best Score? Go Orange.
Stalin's rise to power Stats
Can you name the Stalin's rise to power?
By
beastybenjamin
15m
28 Questions
133 Plays
133 Plays
133 Plays
Comments
Comments
Give Quiz Kudos
Give Quiz Kudos
-
- Ratings
hide this ad
Forced Order
Answers have to be entered in order
Answers have to be entered in order
Replay
Link that replays current quiz
Next Quiz
Link to next quiz in quiz playlist
You Got
0%
They Got
Avg Score
25%
Avg Friend Score
Upgrade to see
Score Distribution
Jump to the score distribution portion of the page
Score
0/28
Timer
15:00
0
Plays Today
Questions
Answers
% Correct
In what year did Stalin become the General Secretary of the Communist Party?
1922
48.9%
Name 1 of the other 2 'Leftist' defeated by the Party Machine?
Zinoviev and Kamenev
48.9%
Stalin used debates over the N.E.P. to expel which Rightist politician in 1929?
Bukharin
48.9%
Who was the only member of the Politburo to escape serious criticism in the testament?
Bukharin
47.4%
In which year was Trotsky expelled from the Soviet Union
1929
43.6%
Name one of the 4 principal explanations for Stalin's ascent to power by 1929
Luck, Party Machine, Stalin's Abilities, Opponent's failings
42.9%
In which year was Trotsky expelled from the Communist Party?
1927
42.9%
Name 1 of the 4 main issues that Stalin manipulated to defeat his enemies on the Left, then the Right
Cult of Lenin, Factionalism, The Economy/ N.E.P., Socialism in one Country
39.8%
In what year was the soviet archives opened
1991
38.3%
Which group of historians believe that Stalin's rise to power was due to his role in the party machine?
Structuralists
33.8%
In which year was the war scare that strengthened Stalin's belief in 'Socialism in one Country'?
1927
33.8%
In What year did Stalin become the Liaison Officer between the Politburo and Orgburo?
1919
32.3%
At which Communist Party Congress was Lenin's testament meant to be read out?
13th
29.3%
Who is the main historian from the liberal school?
R. Conquest
21.1%
Questions
Answers
% Correct
Name 1 of the 2 main structuralists historians
E. H. Carr, C. Ward
18%
According to what system was the government supposed to be run from this point?
collective leadership
17.3%
Which group of historians believe that Stalin's rise to power was due his own abilities?
the liberal school
16.5%
Stalin used the charge of 'Factionalism' against which pamphlet of Trotsky published in 1924?
Lessons of October
15%
When did Lenin die?
21st January 1924
13.5%
Between what years was the Lenin enrollment?
1923 to 1925
13.5%
Identify 1 of 4 political Skills that Stalin possesses
Opportunist, Flexibility, Pragmatism, Cunning
13.5%
Stalin used the Party Machine to strip Trotsky of which important post in 1925?
Commissar for War
12.8%
Give the alternative name for Trotsky's policy of 'Permanent Revolution' which Stalin criticised as being unpatriotic
Internationalism
12%
Stalin's key role as Party Secretary gave him access to how many personal files
26,000
11.3%
What post within the Party Machine did Stalin occupy in 1917?
People's Commissar for Nationalities
9.8%
The Lenin enrollment increased the numbers of the Communist Party members by how many?
340,000 to 600,000
7.5%
What other post did Stalin occupy in the same year as the answer for Question 13
Head of Worker's and Peasant's Inspectorate
6.8%
How did Stalin cultivate the 'Cult of Lenin' after the latter's death?
Stalin personally organised Lenin's funeral and delivered the Funeral Speech
6.8%
Quiz Playlist
Details
Report
Send in Message
Add To Playlist
Classic:
Type in answers that appear in a list
Forced Order:
Answers have to be entered in order
Last Updated: Feb 16, 2017
Quiz Scoreboard
CHALLENGE
Sign Up to Join the Scoreboard
Show All
Scores
Hide
Comments
May contain spoilers
Recently Published
Two Season TV Shows II
by 123Four
Television
10m
Image Sorting: Flags VI
by Barbecue
Geography
2m
Find the 'City' Movie
by crazypaving
Movies
60s
More to Explore
Quiz From the Vault
Featured Blog Post
14 Easter Pick-up Lines to Find Eggs With
hide this ad
You Might Also Like...
Tags
Power
rise
Today's Top Quizzes in History
Browse History
hide this ad
Today's Top Quizzes in rise
Browse rise
Top Contributed Quizzes in History
1
I Am Born On March 29th
2
Order Up: 1000 Years of World Events I
3
US National Parks Named After People
4
Popular People in 1991
5
Popular People in 1951
6
Popular People in 1941
7
Popular People in 1981
8
Popular People in 1921
9
Popular People in 1986
10
Popular People in 1976
Explore More
Trending Topics
Crossword
Kpop
Harry Potter
NBA
Disney
Marvel
Anime
Song
Puzzle
Soccer
Country
NFL
WWE
Pokémon
The Office
hide this ad
More By:
beastybenjamin
Quiz
Plays
Rating
Category
Featured
Created
AS History Stalin: Industry
163
5.00
History
Apr 14, 2011
Stalin's rise to power
133
3.00
History
Apr 13, 2011
AS Russian History, Terror
57
5.00
History
Apr 26, 2011
AS Russian History, Collectivsation
45
3.00
History
Apr 18, 2011
AS Physics Electrons, Photons and waves key definitions
10
2.25
Science
Apr 18, 2011
Go to Creator's Profile
Score Distribution
Quiz Creator Spotlight
beastybenjamin
Follow
Send a Message
Quizzes Created
-
Created Quiz Play Count
-
More By This Creator
Popular Quizzes Today
1
Find the US States - No Outlines Minefield
2
Colored Red Africa Blitz
3
Find the 'City' Movie
4
5x2 Blitz: Bands
5
The Countries of the World
6
Find the Countries of Europe - No Outlines Minefield
7
Find the US States
8
US States
More History Quizzes
Subaru Cars Over Time
Quiz Lab
Trending Quizzes
Colored Red Europe Blitz I
Colored Red Africa Blitz II
Colored Red Europe Blitz II
Colored Red Africa Blitz III
Colored Red Europe Blitz III
Recently Updated
How Do You Spell That?
pecheneg
Godzilla Movies
pecheneg
Grab Bag: 4-10 Letters
pecheneg
2024 March Madness Bracket
pecheneg
Famous TV Couples
Peacemaker
Champions League XIs: Real Madrid
pecheneg
Largest US Cities 1790-2010
pecheneg
Rides in Walt Disney World
pecheneg
Most Oscar Losses (Acting)
pecheneg
Beyoncé Albums
pecheneg
Trending Topics
Disney
NBA
Crossword
Anime
Marvel
Harry Potter
Kpop
Country
The Office
Puzzle
Soccer
Pokémon
Song
NFL
WWE
Your Account Isn't Verified!
In order to create a playlist on Sporcle, you need to verify the email address you used during registration. Go to your
Sporcle Settings
to finish the process.
Report this User
Report this user for behavior that violates our
Community Guidelines
.
Details:
Send Report
Go to the Sporcle.com Mobile Site →
Comments